Loading...

Microbiology / principles and exploration /

Bibliographic Details
Main Author: BlackJacquelyn G
Format: Printed Book
Language:English
Published: New York: John Wiley c2002.
LEADER 00398nam a2200109Ia 4500
008 130611s9999 xx 000 0 eng d
100 |a BlackJacquelyn G 
245 |a Microbiology / principles and exploration / 
260 |a New York:  |b  John Wiley  |c c2002. 
942 |c BK 
999 |c 128178  |d 128178 
952 |0 0  |1 0  |4 0  |7 0  |9 141561  |a ZOO  |b ZOO  |c ST1  |d 2013-06-11  |l 6  |m 1  |p ZOO5021  |q 2020-07-02  |r 2020-06-02  |s 2020-06-02  |w 2013-06-11  |y BK